00428nam a2200145Ia 4500008004100000082001000041100001800051245002600069260001700095630002600112730002600138942000900164999001900173952009000192100328s9999 xx 000 0 und d b16350 aBernard Theos aHeaven Lies Within Us bRibber & Co. aHeaven Lies Within Us aHeaven Lies Within Us cBOOK c511043d511040 00104070aRNVbRNVd2010-03-28l0pRNV-16350r2010-03-28 00:00:00w2010-03-28yBOOK